Final report of the Zambia managerial manpower and training needs survey of the private and parastatal sectors (Record no. 63031)

MARC details
000 -LEADER
fixed length control field 01014nam a2200193 a 4500
008 - FIXED-LENGTH DATA ELEMENTS--GENERAL INFORMATION
fixed length control field 150327s1977 ||||||||||||||||| || u
050 ## - LIBRARY OF CONGRESS CALL NUMBER
Classification number GOV.ZAM(02)1977/3A
110 ## - MAIN ENTRY--CORPORATE NAME
Corporate name or jurisdiction name as entry element Government of the Republic of Zambia. Office of the Prime Minister
245 10 - TITLE STATEMENT
Title Final report of the Zambia managerial manpower and training needs survey of the private and parastatal sectors
Statement of responsibility, etc. prepared by the Management Development and Advisory Service...
260 ## - PUBLICATION, DISTRIBUTION, ETC.
Place of publication, distribution, etc. Lusaka:
Name of publisher, distributor, etc. Zambia. Government Printers
Date of publication, distribution, etc. 1977
300 ## - PHYSICAL DESCRIPTION
Extent xviii, 376p : ill
350 ## -
-- 0.00
650 ## - SUBJECT ADDED ENTRY--TOPICAL TERM
Topical term or geographic name entry element MANPOWER DEVELOPMENT--DEVELOPING COUNTRIES
650 ## - SUBJECT ADDED ENTRY--TOPICAL TERM
Topical term or geographic name entry element ZAMBIA
650 ## - SUBJECT ADDED ENTRY--TOPICAL TERM
Topical term or geographic name entry element MANPOWER PLANNING--ZAMBIA
650 ## - SUBJECT ADDED ENTRY--TOPICAL TERM
Topical term or geographic name entry element MANPOWER DEVELOPMENT--ZAMBIA
995 ## -
-- SPECIAL COLLECTIONS
-- 03003191
-- CBU-MAIN LIBRARY (Kitwe)
-- 0.00
-- GOV.ZAM(02)1977/3A
-- 1
-- AVAILABLE
-- Apr 13, 2015
-- 03003191
-- Zambiana Collection
995 ## -
-- SPECIAL COLLECTIONS
-- 03003192
-- CBU-MAIN LIBRARY (Kitwe)
-- 0.00
-- GOV.ZAM(02)1977/3B
-- 2
-- AVAILABLE
-- Apr 10, 2015
-- 03003192
-- Zambiana Collection
999 ## -
-- 63031
-- 63031
Holdings
Withdrawn status Lost status Source of classification or shelving scheme Damaged status Not for loan Permanent Location Current Location Shelving location Date acquired Total Checkouts Full call number Barcode Date last seen Price effective from Koha item type
          CBU-MAIN LIBRARY, KITWE. CBU-MAIN LIBRARY, KITWE.   12/24/2022   GOV.ZAM(02)1977/3A 03003191 12/24/2022 12/24/2022 MONOGRAPH
          CBU-MAIN LIBRARY, KITWE. CBU-MAIN LIBRARY, KITWE.   12/24/2022   GOV.ZAM(02)1977/3A 03003192 12/24/2022 12/24/2022 MONOGRAPH